Grammaire progressive du Francais : (Record no. 146019)

MARC details
000 -CABECERA
campo de control de longitud fija 00819nam a2200241 u 4500
005 - FECHA Y HORA DE LA ÚLTIMA TRANSACCIÓN
campo de control 20231201064153.0
008 - ELEMENTOS DE LONGITUD FIJA--INFORMACIÓN GENERAL
campo de control de longitud fija 091124s1997 r 000 0 eng d
020 ## - NÚMERO INTERNACIONAL NORMALIZADO PARA LIBROS
Número Internacional Estándar del Libro 9782090338621
035 ## - NÚMERO DE CONTROL DEL SISTEMA
Número de control de sistema UPN01000173915
049 ## - COLECCIÓN
Colección CG
050 #4 - SIGNATURA TOPOGRÁFICA DE LA BIBLIOTECA DEL CONGRESO
Número de clasificación PC2111
Número de documento/Ítem B6.3
100 1# - ASIENTO PRINCIPAL--NOMBRE PERSONAL
Nombre de persona Boulares, Michèle
245 10 - MENCIÓN DE TÍTULO
Título Grammaire progressive du Francais :
Resto del título avec 400 exercices /
Mención de responsabilidad, etc. Michèle Boulares ; Jean-Louis Frérot.
260 ## - PUBLICACIÓN, DISTRIBUCIÓN, ETC.
Lugar de publicación, distribución, etc. Paris :
Nombre del editor, distribuidor, etc. CLE International,
Fecha de publicación, distribución, etc. 1997.
300 ## - DESCRIPCIÓN FÍSICA
Extensión 192 p.
500 ## - NOTA GENERAL
Nota general Niveau avancé
590 ## - NOTA LOCAL (RLIN)
Nota local (También localizas un ejemplar en el "Area de Reserva")
590 ## - NOTA LOCAL (RLIN)
Nota local Bibliografía Básica (BGTQ), 2009
650 #4 - ASIENTO SECUNDARIO DE MATERIA - TERMINO TEMATICO
Término de materia o nombre geográfico como elemento de entrada Francés
Subdivisión general Gramática
-- Estudio y enseñanza
9 (RLIN) 14029
650 #4 - ASIENTO SECUNDARIO DE MATERIA - TERMINO TEMATICO
Término de materia o nombre geográfico como elemento de entrada FRANCES -
Subdivisión general COMPOSICION Y EJERCICIOS
9 (RLIN) 14034
700 1# - ASIENTO SECUNDARIO--NOMBRE DE PERSONAL
Nombre de persona Frérot, Jean-Louis,
Término indicativo de función/relación coaut.
905 ## - TIPO DE MATERIAL
Tipo de material Libro
Holdings
Estado de retiro Estado de pérdida Fuente del sistema de clasificación o colocación Estado dañado Restricciones de uso No para préstamo Código de colección Localización permanente Ubicación/localización actual Ubicación en estantería Fecha de adquisición Total de préstamos Clasificación Código de barras Fecha visto por última vez Número de copia Tipo de ítem Koha
    Library of Congress Classification   Préstamo por horas   Bibliografía básica Bib. Gregorio Torres Quintero Bib. Gregorio Torres Quintero Colecciones especiales Planta alta 30/01/2023 1 PC2111 B6.3 270589 31/12/2020 1 Libro por horas
    Library of Congress Classification       Colección General Bib. Gregorio Torres Quintero Bib. Gregorio Torres Quintero Planta baja   3 PC2111 B6.3 270588 31/12/2020 1 Libro